Mare Nostrum; US Security Policy in the English-Speaking Caribbean /
Analiza, desde una óptica histórica, la importancia de la transformación del Caribe en zona estratégica dentro de la dinámica política internacional de los Estados Unidos. Los temas que se examinan son: a-. la presencia británica en el Carbe en el siglo XIX b-. época colonial y su ocaso c-. movimi...
Tallennettuna:
| Päätekijä: | |
|---|---|
| Aineistotyyppi: | Teksti |
| Aiheet: | |
| Tagit: |
Lisää tagi
Ei tageja, Lisää ensimmäinen tagi!
|
MARC
| LEADER | 00000 a a2200000 04500 | ||
|---|---|---|---|
| 001 | 9870 | ||
| 003 | |||
| 040 | |||
| 100 | |a Black, George | ||
| 245 | |a Mare Nostrum; US Security Policy in the English-Speaking Caribbean / |c George Black | ||
| 520 | |a Analiza, desde una óptica histórica, la importancia de la transformación del Caribe en zona estratégica dentro de la dinámica política internacional de los Estados Unidos. Los temas que se examinan son: a-. la presencia británica en el Carbe en el siglo XIX |a b-. época colonial y su ocaso |a c-. movimientos sociales en la década de los treinta |a d-. formación de estados nacionales -al estilo demócrata del Westminster- en el Caribe y la generación de líderes laborales |a e-. los Estados Unidos y su influencia en el Caribe |a f-. política externa de la administración Carter |a g-. revolución granadina de 1979 -advenimiento del marxismo- |a h-. la administración Reagan -la agresión a Granada en 1983- |a i-. estudio social, económico y político general de las Antillas Menores |a y, j-. connotaciones ideológicas del gobierno estadounidense. ABB/mb | ||
| 650 | |a RELACIONES INTERNACIONALES | ||
| 650 | |a RELACIONES EXTERIORES | ||
| 650 | |a DESCOLONIZACION | ||
| 650 | |a INTERVENCION EXTRANJERA | ||
| 650 | |a CARICOM | ||
| 650 | |a HISTORIA | ||
| 650 | |a CONTROL INTERNACIONAL | ||
| 650 | |a RELACIONES ECONOMICAS | ||
| 650 | |a DEPENDENCIA ECONOMICA | ||
| 650 | |a ASPECTOS POLITICOS | ||
| 773 | |g volumen 19, número 4; páginas 13-47 | ||
| 999 | |c 38100 |d 38100 | ||
